00729cam a2200241 a 4500001000800000005001700008008004100025010001700066020003900083040001800122041000800140043001200148080001500160082001900175100000700194101000800201245005100209504005100260906004500311942001200356999001700368952010200385159539520171214071826.0940214s1994 nyua b 001 0 eng  a 94004734  a0671794248 :c$23.00 ($29.50 Can.) aDLCcDLCdDLC aeng an-us--- a305.42097300a305.4209732201 a19 aHIS10aWho stole feminism? :cChristina Hoff Sommers. aIncludes bibliographical references and index. a7bcbccorignewd1eocipf19gy-gencatlg 2ddccBK c38930d38930 00102ddc4070a002b002d2017-12-14l0o305.420973 HOFp002-2939138r2017-12-14w2017-12-14yBK